Rubber growing soils of Northern Mizoram - Their characteristics, and limitations (Record no. 67639)
[ view plain ]
| 000 -LEADER | |
|---|---|
| fixed length control field | 01340nam a2200217Ia 4500 |
| 100 ## - MAIN ENTRY--AUTHOR NAME | |
| Personal name | Satisha G C |
| 245 #0 - TITLE STATEMENT | |
| Title | Rubber growing soils of Northern Mizoram - Their characteristics, and limitations |
| 260 ## - PUBLICATION, DISTRIBUTION, ETC. (IMPRINT) | |
| Name of publisher | Journal of the Indian Society of Soil Science |
| Year of publication | 2002 |
| 300 ## - PHYSICAL DESCRIPTION | |
| Number of Pages | 497-501 |
| 520 ## - SUMMARY, ETC. | |
| Summary, etc | Seven representative soil sites of major rubber growing areas in Northern Mizoram were identified and their climatic, soil and site characteristics were studied and assessed for suitability through limitation approach. The suitability criteria for rubber cultivation were developed with special reference to hilly terrain of Mizoram. The prevailing land characteristics of each site were compared with these diagnostic limitations. The steep slopes and low winter temperature of less than 10 oC are the major constraints in the region. Most of the soil-sites studied are moderately suitable except for soils of rolling hills with very high steep slope at 400 and 750 m above mean sea level are marginally suitable for rubber cultivation. |
| 650 ## - SUBJECT ADDED ENTRY--TOPICAL TERM | |
| Topical Term | Hevea brasiliensis |
| 650 ## - SUBJECT ADDED ENTRY--TOPICAL TERM | |
| Topical Term | Limitations |
| 650 ## - SUBJECT ADDED ENTRY--TOPICAL TERM | |
| Topical Term | Soil characteristics |
| 650 ## - SUBJECT ADDED ENTRY--TOPICAL TERM | |
| Topical Term | Suitability |
| 700 ## - ADDED ENTRY--PERSONAL NAME | |
| Personal name | Dey S K |
| 700 ## - ADDED ENTRY--PERSONAL NAME | |
| Personal name | Karthikakuttyamma M |
| 700 ## - ADDED ENTRY--PERSONAL NAME | |
| Personal name | Pal T K |
| 700 ## - ADDED ENTRY--PERSONAL NAME | |
| Personal name | Varghese Y A |
| 942 ## - ADDED ENTRY ELEMENTS (KOHA) | |
| Koha item type | Journals |
| Withdrawn status | Lost status | Damaged status | Not for loan | Home library | Current library | Shelving location | Date acquired | Serial Enumeration / chronology | Koha item type |
|---|---|---|---|---|---|---|---|---|---|
| Journals | RRII Library | RRII Library | Soils and agonomy | 24/04/2003 | Volume 50, Issue 4 | Journals |